01517nam a22003857a 4500003000500000005001700005008004100022010001000063011001000073035001000083040000900093090001000102100003700112245009600149260004000245300002200285502007700307590003700384590004100421590004100462590004100503590004100544590004200585650002900627650003100656650002900687650002300716901000700739942000900746949004300755949005500798999001700853952013300870952012801003CHAP20220329141025.0971013s1996 r 00010 d a61461 a62433 a66607 cCHAP aTesis00aPérez Morales, Antonio.989864 aProducción de plántula de col (Brassica oleracea var capita L.) en diferentes sustratos aChapingo, Méx. :bEl autor,c1996 a50 h.b: gráfs. aTesis (Ing. Agr. Esp. en Fitotecnia) -- UACH. Departamento de Fitotecnia aALEPHb10c20130110lUCH01h1342 aBATCH-UPDb10c20130110lUCH01h0532 aBATCH-UPDb10c20130110lUCH01h2208 aBATCH-UPDb10c20130410lUCH01h0212 aBATCH-UPDb10c20130914lUCH01h1000 aCONVERSIONb10c20130109lUCH01h133314aColxPlántulas.92449514aColxPropagación.92449614aColxRendimiento.92449714aSustratos.9110789 aBK cFOLL bBCcTESd-151823eTS1h30528i66607si bBCcTESd33724000624912eTS2fc.2h30529i66607si c61461d61461 00102local4053708TESISaBCbBCcPA_TESISd2019-12-31fTESISl0p33724000624912r2019-12-31 00:00:00tc.2w2019-12-31yTESIS 00102local4051708TESISaBCbBCcPA_TESISd2019-12-31fTESISl0oTesisp-151823r2019-12-31 00:00:00w2019-12-31yTESIS